[Event "V Copa Marcel Duchamp 2022"]
[Site "Montevideo"]
[Date "2022.02.12"]
[Round "1.12"]
[White "Torales, Agustin"]
[Black "Roselli Mailhe, Bernardo"]
[Result "0-1"]
[WhiteElo "1682"]
[BlackElo "2426"]
[Annotator "TA"]
[PlyCount "126"]
[EventDate "2022.02.12"]
[EventCountry "URU"]
[SourceTitle "playchess.com"]
[Source "ChessBase"]
[SourceQuality "1"]

{[%evp 20,126,0,-2,25,45,41,0,0,10,12,5,17,0,0,0,19,0,3,0,0,-44,-54,-92,-101,-170,-60,-64,-41,-66,-45,-34,-59,-62,-50,-53,-11,-11,-12,-8,0,0,0,0,0,-201,-202,-193,-201,-208,-193,-213,-208,-209,-203,-195,-177,-186,-216,-205,-213,-201,-160,-213,-213,-213,-212,-208,-210,-248,-107,-185,-82,-178,-147,-152,-153,-339,-300,-1141,-1187,-1101,-925,-687,-1075,-1583,-1518,-1270,-1139,-1753,-1666,-1824,-1702,-1500,-1383,-1163,-1160,-9845,-8399,-7187,-5173,-29962,-12344,-29977,-29977,-29976,-29977,-4710,-1392]} 1. e4 c5 2. Nf3 e6 3. d4 cxd4 4. Nxd4 Nf6 5. Nc3 Nc6 6. a3 d6 7. Be3 Be7 8. Bc4 a6 9. Ba2 Qc7 10. O-O O-O 11. f4 Na5 {B88: Sicilian: Sozin Attack.} 12. Qe2 b5 13. f5 {[%cal Rf5e6]} (13. g4 $5 {[%cal Rg4g5]}) 13... e5 {The position is equal.} 14. Nf3 Bb7 15. Bg5 Nc4 {[#]} 16. Bxf6 $146 ({Predecessor:} 16. Bxc4 bxc4 17. Kh1 Rab8 18. Rab1 Rfc8 19. Rfd1 Ba8 20. Nd2 h6 21. Bxf6 Bxf6 22. Nf1 {0-1 (61) Perusseau,C (2000)-Guilleux,F (1983) France 2005}) 16... Bxf6 {[%cal Be7f6,Bf6d8,Bd8b6][%mdl 32]} 17. Bxc4 bxc4 18. Qe3 Rfe8 19. Rad1 Rab8 20. g4 (20. Rb1 $11) 20... Ba8 $1 $15 21. g5 {[#]} Bd8 22. f6 (22. Kh1 $17) 22... Qb6 ({Weaker is} 22... gxf6 23. gxf6 Bxf6 24. Kh1 $11) (22... Rxb2 $19 23. Qe2 g6) 23. Qxb6 Bxb6+ 24. Kg2 Bc5 {This bishop pair is nice.} (24... Ba5 $5 {[%cal Rb8b2]} 25. Rxd6 Rxb2 $15) 25. Rb1 Bd4 {Hoping for ...Bxc3.} 26. Kg3 Bxc3 (26... gxf6 {with more complications.} 27. Nd5 Bxd5 28. exd5 fxg5 29. Nxg5 Rxb2 30. Rxb2 Bxb2 31. Ne4 Rd8) 27. bxc3 Bxe4 (27... Rxb1 $15 {feels stronger.} 28. Rxb1 Bxe4) 28. Rxb8 $11 Rxb8 29. Rd1 $1 Bxf3 30. Kxf3 {[%mdl 4096] Endgame KR-KR} Rb6 {[%cal Od6d5]} 31. Ke4 Kf8 32. Kd5 $2 (32. a4 $11 {and White has nothing to worry.}) 32... gxf6 $19 33. gxf6 Ke8 34. Rg1 Kd7 35. Rg7 Rb5+ 36. Kxc4 Ke6 37. Rxh7 Kxf6 38. Rh6+ Ke7 39. h4 Rc5+ 40. Kd3 Ra5 41. h5 (41. c4 $17) 41... Rxa3 42. Rh8 {[#]} Ra1 $1 43. h6 Rh1 44. h7 a5 (44... Rh4 $19 {Strongly threatening ...a5.} 45. c4 a5) 45. c4 (45. Ke4 $17) 45... a4 (45... Rh4 $19 {And now ...a4 would win.} 46. c5 dxc5) 46. c5 (46. Ke4 $17 {is the only way for White.}) 46... dxc5 {aiming for ...Kf6.} 47. Ke4 Kf6 48. Kd5 $2 {Now White is beyond hope.} (48. c4 $17 {was the only chance.}) 48... a3 49. Kxc5 $2 (49. Ra8 Rxh7 50. Rxa3) 49... a2 50. Ra8 Rxh7 51. Rxa2 Rh2 52. Ra6+ Kf5 53. c4 e4 54. Kd4 Rd2+ 55. Ke3 Rd3+ 56. Ke2 Rc3 57. Rc6 Ke5 {...f5 is the strong threat.} 58. Rc5+ Kf4 59. Kd2 Rd3+ 60. Ke2 f5 {( -> ...Ra3)} 61. Rc8 Ra3 62. Rf8 Ra2+ 63. Kf1 Rc2 {Weighted Error Value: White=0.86/Black=0.10 (very precise)} (63... e3 $142 64. Rf7 Rc2) 0-1

[Event "V Copa Marcel Duchamp 2022"]
[Site "Montevideo"]
[Date "2022.02.12"]
[Round "1.13"]
[White "Hoffman, Alejandro"]
[Black "De la Torre, Andres"]
[Result "1-0"]
[WhiteElo "2403"]
[BlackElo "1680"]
[Annotator "TA"]
[PlyCount "47"]
[EventDate "2022.02.12"]
[EventCountry "URU"]
[SourceTitle "playchess.com"]
[Source "ChessBase"]
[SourceQuality "1"]

{[%evp 15,47,14,83,76,64,55,100,34,116,96,124,126,130,130,127,121,167,170,204,203,177,164,294,300,272,283,1317,1331,2130,2141,2103,2092,29994,29988]} 1. d4 Nf6 2. c4 g6 3. Nc3 Bg7 4. e4 d6 5. f3 O-O 6. Bg5 c5 7. d5 Nbd7 8. Qd2 Re8 (8... Qa5 $11 {keeps the balance.}) 9. Nh3 $16 {E81: King's Indian: Sämisch: 6th move deviations (including 6 Be3 c6).} Ne5 10. Nf2 a6 (10... Qa5 $14 {is more appropriate.}) 11. a4 (11. Be2 $16) 11... Rb8 ({Black should try} 11... Qa5 $14) 12. Be2 {[#]} h5 $146 ({Predecessor:} 12... Qa5 13. O-O Qb4 14. a5 Nxc4 15. Bxc4 Qxc4 16. Ra4 Qb3 17. Rc1 Bd7 18. Ra3 Qb4 {1-0 (77) Nakamura,H (2686)-Andriasian,Z (2533) ICC INT 2008}) 13. O-O Nh7 14. Bh6 Bh8 15. f4 {[%cal Bf3f4,Bf4f5][%mdl 32] White is more active.} Ng4 {[#]} (15... Nd7 $16) 16. Nxg4 $1 $18 hxg4 {[#]} 17. f5 Bd4+ 18. Be3 Bxe3+ (18... Be5 {is a better defense.} 19. Bh6 (19. Bxg4 Nf6 $16) 19... Nf6) 19. Qxe3 gxf5 20. exf5 e6 $2 (20... Kh8 21. Bxg4 Rg8) 21. f6 exd5 22. Qh6 {[%csl Gf6][%cal Rh6g7]} Nxf6 23. Rxf6 ({Inferior is} 23. Qxf6 Qxf6 24. Rxf6 d4 $11) 23... d4 24. Bd3 {Weighted Error Value: White=0.07 (flawless) /Black=0.84} 1-0

[Event "V Copa Marcel Duchamp 2022"]
[Site "Montevideo"]
[Date "2022.02.12"]
[Round "1.14"]
[White "Amaral, Francisco"]
[Black "Umetsubo, Cesar Hidemitsu"]
[Result "0-1"]
[WhiteElo "1672"]
[BlackElo "2402"]
[Annotator "TA"]
[PlyCount "91"]
[EventDate "2022.02.12"]
[EventCountry "URU"]
[SourceTitle "playchess.com"]
[Source "ChessBase"]
[SourceQuality "1"]

{[%evp 15,91,8,19,-29,0,-21,0,0,0,-53,-55,-74,-42,-42,-6,-6,-27,-18,-6,-8,-9,-87,-49,-49,-43,-39,-29,-12,-14,-6,-3,-4,-5,0,23,23,8,8,17,25,32,0,0,-14,-14,-14,-14,-101,-92,-112,-108,-111,-77,-78,-67,-219,-212,-212,-212,-212,-212,-224,-256,-245,-275,-221,-56,-60,399,-134,351,-175,-139,-180,0,0,0,-5307]} 1. c4 c5 2. g3 Nf6 3. Bg2 d5 4. cxd5 Nxd5 5. Nc3 Nc7 6. Nf3 Nc6 7. d3 e5 8. O-O Be7 9. Rb1 {A34: Symmetrical English: 2 Nc3, lines with ...d5.} (9. Nd2 {feels stronger.}) 9... Be6 10. a3 f6 11. Be3 O-O 12. Ne4 {[#]} (12. Nd2 $11) 12... b6 $146 ({Predecessor:} 12... Nd4 13. Nfd2 Rb8 14. b4 cxb4 15. axb4 Nd5 16. Bxd4 exd4 17. Qa4 f5 18. Nc5 Bxc5 19. Bxd5 Qxd5 20. bxc5 {0-1 (48) Hielscher,K (1505)-Oswald,W (1794) Schoenhagen/Uslar 2011}) 13. Nfd2 {[%cal Oe4f6]} Nd5 14. Nc3 Nxe3 15. fxe3 Rc8 16. Qa4 Qd7 17. Rf2 Rfd8 18. Bxc6 (18. Nc4 $11 {remains equal.}) 18... Qxc6 (18... Rxc6 {is interesting.} 19. Qa6 c4 20. Nxc4 Rb8 21. Nb5 Rc5) 19. Qxc6 Rxc6 20. b3 {To avoid c4} a6 {[%cal Oc5c4]} 21. a4 $1 Rb8 22. Rff1 Rc7 23. e4 Ra7 24. Kg2 Kf7 25. Nc4 {[%cal Bd2c4,Bc4e3,Be3d5][%mdl 32] Threatens to win with Nxe5+.} Ke8 26. Nd5 b5 27. Nce3 Bd7 28. Nxe7 Kxe7 29. Nd5+ Kd6 30. axb5 Rxb5 31. b4 (31. Ne3 $11 {keeps the balance.}) 31... cxb4 $17 32. Rxb4 Rxb4 33. Nxb4 {[%mdl 4096] Endgame KRB-KRN} a5 34. Nc2 a4 35. Ra1 ({White must play} 35. Na3 $15) 35... Be6 $1 $19 36. Kf3 Bb3 $1 37. Na3 {aiming for Nb5+.} Kc5 {Inhibits Nb5.} 38. Ke3 Kb4 39. Kd2 Rc7 {Inhibits Nc2+.} 40. e3 Bf7 $2 ({Better is} 40... h5 $19 {Strongly threatening ...Rc8.} 41. d4 g6) 41. Nc2+ $15 Kb3 $2 {[%mdl 8192]} (41... Ka5 $15 {keeps the upper hand.}) 42. Rb1+ $18 Ka2 {[#]} 43. Rb6 {[%mdl 8192]} (43. Kc1 $1 $18 {[%csl Gc1][%cal Rb1b2] is the narrow road to win.} Rxc2+ 44. Kxc2 Bb3+ 45. Kc1) 43... Bb3 $19 44. Nb4+ {[#]} Kb2 $2 (44... Kb1 $1 $19 {And now ...a3 would win.} 45. Ra6 Kb2) 45. d4 $11 Rc4 {[%cal Oc4b4] ...Rxb4! is the strong threat.} (45... a3 $2 46. Nd3+ Ka2 47. Nc1+ Rxc1 48. Kxc1 $18) 46. Nc2 $2 {[%mdl 8192] Weighted Error Value: White=0.31/Black=0.44} 0-1

[Event "V Copa Marcel Duchamp 2022"]
[Site "Montevideo"]
[Date "2022.02.12"]
[Round "1.15"]
[White "Labollita, Martin"]
[Black "Areeb, Jazy"]
[Result "1-0"]
[WhiteElo "2388"]
[BlackElo "1665"]
[Annotator "TA"]
[PlyCount "119"]
[EventDate "2022.02.12"]
[EventCountry "URU"]
[SourceTitle "playchess.com"]
[Source "ChessBase"]
[SourceQuality "1"]

{[%evp 9,119,31,39,23,11,22,40,-25,41,0,0,-8,-4,-10,19,20,11,13,40,-10,22,22,33,36,19,-12,-11,-12,-8,-21,-5,-53,-29,-27,-29,-29,-26,-41,-48,-58,-54,-99,-32,-63,-81,-76,-58,-104,-90,-115,-106,-100,-98,-168,-137,-145,-166,-239,-232,-225,-219,-293,-285,-306,-299,-341,-271,-261,-110,-149,-135,-163,-100,-125,-76,-63,-62,-70,0,0,0,-66,0,0,0,0,0,0,0,-28,0,0,0,0,485,466,672,664,628,554,885,861,29962,29965,29991,29992,29992,29993,29993,29994,29994,29995]} 1. Nf3 d5 2. c4 d4 3. e3 c5 4. b4 Bg4 5. exd4 cxd4 {[%cal Oe7e5]} 6. h3 {A09: Réti Opening: 1 Nf3 d5 2 c4.} Bxf3 (6... Bh5 {looks sharper.} 7. Qa4+ Nc6 8. g4 Bg6 9. Bg2 Nf6) 7. Qxf3 ({Much weaker is} 7. gxf3 Nd7 $15) 7... Qc7 {[#]} 8. Bd3 $146 (8. c5 $14) ({Predecessor:} 8. Na3 Nc6 9. Nc2 Nf6 10. d3 e5 11. a3 Bd6 12. g3 O-O 13. c5 Be7 14. Bg2 {1-0 (51) Ovchinnikov,V (2380)-Babanin,G (2137) St Petersburg 2017}) 8... g6 (8... e6 $11) 9. Bb2 (9. O-O $14) 9... Bg7 $11 10. Be4 Nc6 {Black wants to play ...Ne5.} 11. Bxc6+ Qxc6 12. Qxc6+ bxc6 13. d3 Rb8 14. Ba3 (14. a3 $14) 14... Kd7 15. Nd2 Nf6 16. Nb3 e5 17. Kd2 Bf8 18. Rhe1 Bd6 19. Rab1 Rhe8 20. Re2 (20. Kc2 $11) 20... Nh5 {Strongly threatening ...Nf4.} (20... Bxb4+ $2 21. Bxb4 Rxb4 22. Nc5+ Kd6 23. Rxb4 $18 (23. Nb7+ Rxb7 24. Rxb7 Nd7 $16)) 21. g3 {To avoid Nf4} a5 (21... Bxb4+ $2 22. Bxb4 h6 23. a3 $18) 22. Nxa5 c5 {[%cal Rc5b4]} 23. Nb3 ({Don't go for} 23. b5 $2 Ra8 24. Bxc5 Rxa5 25. Bxd6 Kxd6 $19) 23... cxb4 24. Bb2 Ra8 25. Ra1 (25. Rbe1 $15 {feels stronger.}) 25... Ra7 (25... Ng7 $17) 26. Kc2 Rea8 27. Kb1 Ng7 28. Bc1 (28. f4 $15 f6 29. Rf2) 28... Ne6 $17 29. Rb2 f5 30. Re2 g5 31. Bb2 (31. Bd2 $17 {was necessary.}) 31... h5 $19 32. Bc1 f4 33. Bd2 (33. g4 $142) 33... fxg3 34. fxg3 Rf8 {Inhibits Rf2.} 35. Kc2 Rf3 36. Be1 Kc6 37. Nd2 Rf8 {...Nc5 is the strong threat.} 38. Ne4 Rfa8 ({Weaker is} 38... b3+ 39. Kxb3 Ra3+ 40. Kc2 $11) (38... Nc5 $1 $19 {[%cal Ob4b3] And now ...b3+! would win.} 39. Nxd6 b3+ 40. Kb1 Nxd3) 39. Kb1 {[#]} Be7 40. Rb2 Rb7 (40... Nc5 $19 41. Nxc5 Bxc5 42. Bxb4 Rf7) 41. Bd2 h4 (41... Nc5 $142 42. Nxc5 Bxc5 43. Bxg5 Rf7) 42. gxh4 $17 gxh4 43. Kc2 Rg8 ({Black should try} 43... Nc5 $1 $15 44. Nxc5 Bxc5) 44. Rf1 $1 $11 Rg2 45. Rf5 ({Better is} 45. Kb1 $11) 45... Bd6 (45... Nc5 $1 $15 46. Nxc5 Bxc5) 46. Rh5 Nc5 47. Nxc5 {Chess con chili.} Bxc5 48. Rh6+ Bd6 49. Kb3 Rg3 50. Kc2 Rxh3 {[%cal Oe5e4]} 51. Rxb4 Rg7 {[%mdl 8192] [#]} (51... Ra7 $11) 52. Ra4 $1 $18 Rd7 (52... e4 $142 53. Ra6+ Kb7) 53. Ra6+ Kc5 54. Ra5+ Kb6 55. c5+ Kb7 56. Rxd6 {White mates.} Rf7 57. Rb6+ Kc8 58. Ra8+ Kd7 59. Ra7+ Kc8 60. Rxf7 {Never resign too early!  Weighted Error Value: White=0.20 (precise) /Black=0.49} 1-0

[Event "V Copa Marcel Duchamp 2022"]
[Site "Montevideo"]
[Date "2022.02.12"]
[Round "1.16"]
[White "Estoyanoff, German"]
[Black "Vitoux, Colomban"]
[Result "0-1"]
[WhiteElo "1650"]
[BlackElo "2372"]
[Annotator "TA"]
[PlyCount "45"]
[EventDate "2022.02.12"]
[EventCountry "URU"]
[SourceTitle "playchess.com"]
[Source "ChessBase"]
[SourceQuality "1"]

{[%evp 9,45,19,17,-19,-18,-16,-16,-20,4,0,15,21,11,0,0,-61,0,0,-31,-42,-41,-47,-54,-44,-34,-266,-277,-266,-260,-274,-238,-233,-208,-396,-278,-269,-129,-123]} 1. e4 Nf6 2. Nc3 Nc6 3. Nf3 d5 4. e5 Ne4 5. d4 Bg4 {[#]} 6. Qd3 $146 {B00: Queen's Fianchetto Defence, Nimzowitsch Defence.} ({Predecessor:} 6. Be2 e6 7. a3 Be7 8. Be3 Nxc3 9. bxc3 Na5 10. Nd2 Bxe2 11. Qxe2 O-O 12. O-O {0-1 (34) Do Amaral Vailant,H (1411)-Deus Filho,J (1909) Jatai 2021}) 6... e6 7. a3 (7. Nxe4 $2 dxe4 8. Qxe4 Bf5 $19) 7... Bf5 {[%cal Oe4f2] ...Nxf2! is the strong threat.} 8. Qe3 {The position is equal.} f6 9. Bb5 a6 10. Bxc6+ bxc6 11. Bd2 c5 12. Ne2 (12. exf6 $11 gxf6 13. O-O) 12... Rb8 13. b4 {[%cal Rd4c5]} Nxd2 14. Qxd2 cxb4 15. axb4 Bxb4 16. c3 Be7 17. Rxa6 $2 {White does not recover from this.} (17. O-O $15) 17... Rb1+ $19 18. Nc1 {[#]} Bd3 $1 {[%mdl 512]} 19. Ra2 {[#]} (19. Rxe6 $2 {[#]} Qd7 $1 20. Rxe7+ Qxe7 $19) 19... Qb8 {[%cal Oc7c5] Inhibits Rb2. And now ...c5! would win.} 20. exf6 (20. Qd1 Bc4) 20... gxf6 21. Qh6 $2 (21. Qd1 Bc4 22. Rc2) 21... Bc4 {This bishop pair is nice.} ({Weaker is} 21... Qb3 22. Kd2 Rxc1 23. Rxc1 Qxa2+ 24. Kxd3 $15) 22. Rc2 Rg8 ({Stronger than} 22... Qb3 23. Kd2 Qb6 24. Rd1 $17 (24. Qg7 $2 Rf8 $19)) (22... Kd7 $19 {and Black stays clearly on top. aiming for ...Bd3.} 23. Kd2 Qg8) 23. Qxh7 {Weighted Error Value: White=0.47/Black=0.24 (precise)} 0-1

[Event "V Copa Marcel Duchamp 2022"]
[Site "Montevideo"]
[Date "2022.02.12"]
[Round "1.17"]
[White "Coro, Lucas"]
[Black "Castagnet, Carlos"]
[Result "1-0"]
[WhiteElo "2355"]
[BlackElo "1641"]
[Annotator "TA"]
[PlyCount "51"]
[EventDate "2022.02.12"]
[EventCountry "URU"]
[SourceTitle "playchess.com"]
[Source "ChessBase"]
[SourceQuality "1"]

{[%evp 18,51,91,112,118,107,143,107,124,133,280,293,708,720,733,739,743,733,918,911,934,917,910,890,949,935,913,864,971,921,939,911,1323,1311,1232,1229]} 1. e4 d6 2. d4 Nd7 3. Nf3 e5 4. Bc4 c6 5. O-O Be7 6. dxe5 dxe5 7. Ng5 Bxg5 8. Qh5 g6 9. Qxg5 Qxg5 10. Bxg5 f6 {C41: Philidor Defence.} 11. Be3 g5 12. Nd2 {[#]} h5 $146 {White is better.} ({Predecessor:} 12... Ne7 13. Rfd1 Nb6 14. Bb3 Bg4 15. f3 Bh5 16. Bxb6 axb6 17. Nc4 Nc8 18. Nd6+ Nxd6 19. Rxd6 {1-0 (51) De la Villa Garcia,J (2470)-Durao,J (2215) Seville 1994}) 13. Be2 {White is much more active.} b5 {To avoid Nc4} (13... Nf8 $16 14. Nc4 Ke7) 14. a4 $18 Ba6 {[#]} (14... bxa4 15. Rxa4 Kf7) 15. axb5 {White is clearly winning.} Bxb5 16. c4 {[%cal Bc2c4,Bc4c5][%mdl 32]} Ba4 17. Rxa4 Kf7 18. Rfa1 Nf8 19. c5 Kg6 20. Bc4 Nh6 21. Rxa7 Rxa7 22. Rxa7 Rh7 23. Rxh7 Kxh7 24. Nb3 Ng6 25. Na5 Ne7 26. Be6 {Black got outplayed after the opening.  Weighted Error Value: White=0.08 (flawless) /Black=0.62} 1-0

[Event "V Copa Marcel Duchamp 2022"]
[Site "Montevideo"]
[Date "2022.02.12"]
[Round "1.19"]
[White "Lujan, Carolina"]
[Black "Migens Romero, Juan"]
[Result "1-0"]
[WhiteElo "2334"]
[BlackElo "2097"]
[Annotator "TA"]
[PlyCount "65"]
[EventDate "2022.02.12"]
[EventCountry "URU"]
[SourceTitle "playchess.com"]
[Source "ChessBase"]
[SourceQuality "1"]

{[%evp 9,65,0,19,12,23,19,28,18,20,14,48,43,101,83,108,106,152,153,152,164,167,144,168,148,166,157,202,199,231,228,255,215,324,322,337,339,278,238,680,678,990,1000,927,850,1278,1258,855,855,864,830,2513,1614,29995,29996,29996,29997,29997,29998]} 1. e4 e6 2. Qe2 c5 3. Nf3 Be7 4. g3 Nc6 5. Bg2 Qc7 6. O-O {C00: French: Unusual White 2nd moves.} Nf6 7. d3 e5 8. c3 {[%cal Od3d4] White has an edge.} O-O {[#]} 9. a3 $146 {[%cal Ba2a3,Ba3a4,Ba4b5][%mdl 32]} ({Predecessor:} 9. Na3 a6 10. Nc2 d6 11. Ne3 Re8 12. Ng5 {½-½ (12) Flechsig,B (1937)-Manthey,J (2060) Ostseebad Binz 2018}) 9... a5 10. a4 b6 (10... d5 $14) 11. Na3 (11. Nfd2 {with more complications.} d6 12. Na3 Bg4 13. f3 Bd7 14. Ndc4) 11... Ba6 12. Nb5 (12. Nh4 {looks sharper.} d6 13. Nf5 Qd7 14. f4 Rfe8 15. Nb5) 12... Bxb5 ({Black should try} 12... Qd8) 13. axb5 $16 Na7 14. c4 Ne8 15. b3 g6 16. Bb2 Bf6 17. h4 Ng7 {[#]} (17... Bg7 $16 18. h5 d6) 18. Nh2 $1 $18 h5 19. f4 {[%cal Bf2f4,Bf4f5][%mdl 32]} Ne6 20. Nf3 Nd4 (20... Rae8 $142 21. fxe5 Bg7) 21. Nxd4 cxd4 22. f5 Kg7 23. Rf3 {Hoping for Raf1.} g5 $2 (23... Nc8 24. Ba3 d6) 24. hxg5 Bxg5 25. f6+ Bxf6 26. Rf5 Rh8 27. Raf1 Rh6 28. Qf3 {[%cal Rf5f6]} Qd6 {[#]} 29. Ba3 $1 {[%mdl 576] Deflection} Qxa3 (29... Qe6 30. Bh3) 30. Rxf6 Rf8 31. Rxf7+ {White mates.} Rxf7 32. Qxf7+ Kh8 33. Qe8+ {White took control after the opening.  Weighted Error Value: White=0.09 (flawless) /Black=0.63} 1-0

[Event "V Copa Marcel Duchamp 2022"]
[Site "Montevideo"]
[Date "2022.02.12"]
[Round "1.20"]
[White "Moreno, Nelson"]
[Black "Vazquez, Facundo"]
[Result "0-1"]
[WhiteElo "1636"]
[BlackElo "2319"]
[Annotator "TA"]
[PlyCount "40"]
[EventDate "2022.02.12"]
[EventCountry "URU"]
[SourceTitle "playchess.com"]
[Source "ChessBase"]
[SourceQuality "1"]

{[%evp 12,40,26,-3,5,-65,-33,-58,-35,-33,-36,-31,-32,-49,-8,-13,-12,-13,-11,-10,-15,-8,0,-7,0,-13,-9,-131,-143,-108,-115]} 1. d4 Nf6 2. Nf3 g6 3. b3 Bg7 4. Bb2 O-O 5. e3 d6 6. Be2 Nbd7 7. Nbd2 b6 {[#] A48: 1 d4 Nf6 2 Nf3 g6: Torre, London and Colle Systems.} 8. e4 $146 (8. a4 $11) ({Predecessor:} 8. O-O Bb7 9. a4 a6 10. Nc4 c5 11. Nfd2 Qc7 12. Re1 Rfc8 13. Rc1 Ra7 14. Nf1 Qb8 15. Na3 {1-0 (54) Deutsch,E (2352)-Zilberman,Y (2463) Petah Tikva 2011}) 8... Bb7 $15 9. Bd3 Nh5 {Black is slightly better.} (9... c5 $5 {[%cal Rc5d4]}) 10. g3 {To avoid Nf4} c5 11. c3 cxd4 12. cxd4 Nc5 13. Bc2 $11 Ba6 ({Much less strong is} 13... f5 14. exf5 Qd7 15. fxg6 hxg6 16. Qe2 $14) 14. Qb1 Ne6 15. Bd3 Bxd3 16. Qxd3 d5 17. e5 Qd7 {[%cal Oe6f4]} 18. Qe3 {Inhibits Nef4.} f5 19. exf6 (19. Qd3 $11 {remains equal.}) 19... exf6 $17 {[#] ...Rae8 is the strong threat.} 20. O-O Rfe8 {Weighted Error Value: White=0.27 (precise) /Black=0.08 (flawless)} 0-1

[Event "V Copa Marcel Duchamp 2022"]
[Site "Montevideo"]
[Date "2022.02.12"]
[Round "1.21"]
[White "Lopez Azambuja, Nicolas"]
[Black "Reolon, Victor"]
[Result "1-0"]
[WhiteElo "2318"]
[BlackElo "1630"]
[Annotator "TA"]
[PlyCount "59"]
[EventDate "2022.02.12"]
[EventCountry "URU"]
[SourceTitle "playchess.com"]
[Source "ChessBase"]
[SourceQuality "1"]

{[%evp 9,59,14,21,5,10,-2,17,8,26,39,50,20,52,56,54,45,48,46,99,94,110,111,139,140,140,142,179,105,118,108,139,155,148,66,120,0,180,177,386,286,285,312,306,292,300,289,255,216,215,214,230,218]} 1. d4 Nf6 2. c4 e6 3. Nf3 b6 4. g3 Bb7 5. Bg2 d5 6. Qa4+ {E16: Queen's Indian: 4 g3 Bb7 5 Bg2 Bb4+.} Qd7 7. Qc2 Nc6 8. O-O {[#] The position is equal.} O-O-O $146 ({Predecessor:} 8... Nb4 9. Qd1 Bd6 10. Nc3 O-O 11. Bg5 Ne4 12. Nxe4 dxe4 13. Nd2 f5 14. a3 Nc6 {½-½ (48) Herbst,T (1839)-Braun,R (1949) Bayern 2017}) 9. cxd5 Qxd5 10. Rd1 {White wants to play Nc3.} Nb4 {[%csl LRa2,LRc2]} 11. Qa4 {And now Nc3 would win.} a5 12. Nc3 Bc6 13. Qxb4 axb4 (13... Bxb4 $14 14. Nxd5 Bxd5) 14. Nxd5 $16 exd5 15. Bf4 Nh5 16. Bd2 Be8 17. Ne5 f5 18. Bg5 (18. a3 $18) 18... Nf6 19. Bh3 $36 {[%mdl 2048] Black is under strong pressure.} Bg6 20. Rdc1 Kb7 21. Rc6 (21. Nc6 $16 Rc8 22. Bf4) 21... Rd6 (21... Bd6 $14) 22. Rcc1 {White is much more active. Black has bad knights.} ({Better is} 22. Rc2 $16) 22... Ne4 $2 (22... Rd8 $1 $11 {and Black is okay.}) 23. Bf4 $18 Re6 $2 {[#]} (23... Be7 24. a3 b3 25. Nxg6 hxg6) 24. Rxc7+ $3 {[%mdl 512]} Kxc7 25. Nxg6+ Bd6 26. Nxh8 Bxf4 27. gxf4 Rf6 28. f3 Nd6 29. Kf2 {Threatens to win with Rg1.} Rf8 {[#]} 30. Rg1 $1 {Weighted Error Value: White=0.20 (precise) /Black=0.34} 1-0

[Event "V Copa Marcel Duchamp 2022"]
[Site "Montevideo"]
[Date "2022.02.12"]
[Round "1.22"]
[White "Montiel Caceres, Helen"]
[Black "Spata, German"]
[Result "0-1"]
[WhiteElo "1625"]
[BlackElo "2300"]
[Annotator "RC"]
[PlyCount "60"]
[EventDate "2022.02.12"]
[EventCountry "URU"]
[SourceTitle "playchess.com"]
[Source "ChessBase"]
[SourceQuality "1"]
[TimeControl "5400+30"]

1. d4 e6 2. c4 Nf6 3. Nf3 d5 4. Nc3 c6 5. e3 Nbd7 6. b3 Bd6 7. Bd3 O-O 8. O-O b6 9. Bb2 Bb7 10. Qe2 c5 11. cxd5 exd5 12. Rfd1 a6 13. Rac1 Re8 14. Na4 c4 15. Bf5 b5 16. Nc5 Bc6 17. b4 Qc7 18. g3 g6 19. Bb1 Re7 20. h4 a5 21. Bc3 Rae8 22. Qe1 Bxg3 23. Nxd7 Bxd7 24. Ne5 Bxh4 25. bxa5 Ng4 26. Rd2 f6 27. Bb4 Nxe5 28. dxe5 Rxe5 29. Rd4 Rg5+ 30. Kf1 Qh2 0-1

[Event "V Copa Marcel Duchamp 2022"]
[Site "Montevideo"]
[Date "2022.02.12"]
[Round "1.23"]
[White "Coppola, Claudio"]
[Black "Vassallo, Julio"]
[Result "1-0"]
[WhiteElo "2285"]
[BlackElo "1623"]
[Annotator "TA"]
[PlyCount "45"]
[EventDate "2022.02.12"]
[EventCountry "URU"]
[SourceTitle "playchess.com"]
[Source "ChessBase"]
[SourceQuality "1"]

{[%evp 23,45,32,41,29,43,25,77,75,112,124,156,154,187,159,360,375,387,352,504,451,604,622,844,837]} 1. d4 Nf6 2. c4 c5 3. d5 b5 4. cxb5 a6 5. bxa6 Bxa6 6. g3 d6 7. Bg2 g6 8. b3 Bg7 9. Bb2 O-O 10. Nh3 Nbd7 11. O-O Qb6 12. Bc3 Rfb8 13. Nd2 {[#] A58: Benko/Volga Gambit: Lines with 5 bxa6.} Qa7 $146 ({Predecessor:} 13... h6 14. Re1 Ng4 15. Bxg7 Kxg7 16. Qc2 Nde5 17. Rab1 Qa7 18. Qc3 Kg8 19. a4 Nf6 20. Nf4 Rb4 {½-½ (35) Ritsema,R (2391)-Kural,A (2325) ICCF email 2012}) 14. Re1 Nb6 (14... Ng4 $11 {remains equal.} 15. Bxg7 Kxg7) 15. e4 $16 {White is better.} Rd8 16. a4 {[%cal Ba2a4,Ba4a5][%mdl 32]} Bb7 17. Nf4 Re8 18. h4 e6 $2 {[#]} (18... Nbd7 $16 {was worth a try.} 19. Bf1 Ba6 20. Bxa6 Qxa6) 19. dxe6 $18 fxe6 20. a5 Nbd7 (20... Nc8 {was called for.} 21. a6 Bc6 22. Bxf6 Bxf6) 21. Nc4 {White is clearly winning.} Rad8 22. Nxd6 Nf8 23. e5 {Black did not feel at home in the position after the opening.  Weighted Error Value: White=0.03 (flawless) /Black=0.83} 1-0